|
|
|
|
| LEADER |
00000nab a2200000 a 4500 |
| 001 |
vtls000423843 |
| 003 |
SK-MaSNL |
| 005 |
20260303164309.0 |
| 008 |
230313c1991 xo 0 slo |
| 015 |
|
|
|a SNBRB19rr/mm-uuuuu
|
| 035 |
|
|
|a CL0423971
|
| 035 |
|
|
|a urn:nbn:sk:snk-abbm1d
|
| 035 |
|
|
|a (urnnbn)urn:nbn:sk:snk:ar-002pvp
|
| 035 |
|
|
|a (uuid)bf52795a-d558-4094-9763-ac5de6ae31d6
|
| 040 |
|
|
|a SNKBUCL
|b slo
|c SNKBUCL
|e AACR2
|
| 041 |
0 |
|
|a slo
|
| 044 |
|
|
|a xo
|c SK
|
| 080 |
|
|
|a 884-1
|2 1981
|
| 100 |
1 |
|
|a Musial, Grzegorz
|4 aut
|9 1189724
|
| 245 |
1 |
0 |
|a Rozprávka. Dvorná dáma vypovedá. Geometria
|c Grzegorz Musial ; Grzegorz Musia, Marián Servátka
|
| 500 |
|
|
|a Inform. o autorovi na s. 27.
|
| 650 |
0 |
7 |
|a básne reflexívne
|2 snkbucl
|9 898242
|
| 655 |
|
7 |
|a články z novín a časopisov
|2 snkbucl
|9 267496
|
| 655 |
|
7 |
|a články z odboru literárna veda a krásna literatúra
|2 snkbucl
|9 770045
|
| 700 |
1 |
|
|a Servátka, Marián,
|d 1951-
|4 trl
|9 141279
|
| 700 |
1 |
|
|a Musia, Grzegorz
|4 aut
|9 1189725
|
| 773 |
0 |
|
|t Dotyky
|g Roč. 3, č. 5 (1991), s. 26
|
| 850 |
|
|
|a Slovenská národná knižnica v Martine
|a MTA001
|
| 852 |
|
|
|a SNK
|b KIS3GCP
|
| 958 |
|
|
|a RK
|
| 958 |
|
|
|a LX
|
| 958 |
|
|
|a PL
|
| 958 |
|
|
|a OND
|
| 958 |
|
|
|a EUIPO
|
| 958 |
|
|
|a article15
|
| 992 |
|
|
|a RBX
|
| 999 |
|
|
|c 2064478
|d 2066408
|